| 000 | 02522cam a22004574i 4500 | ||
|---|---|---|---|
| 003 | PE-LiUPU | ||
| 005 | 20250731172856.0 | ||
| 008 | 160921s r 000 0 spa d | ||
| 020 | _a9780996266109 | ||
| 035 | _a(Sirsi) a163636 | ||
| 049 | _aPRUA | ||
| 050 |
_aBV676 _b.W34 2015 |
||
| 082 | 0 | 4 |
_a262.146732 _bW16 _221 |
| 100 | 1 |
_aWahlen, Gina, _eautor. |
|
| 245 |
_aWomen's ordination : _bDoes it matter? / _cClinton and Gina Whlen. |
||
| 264 |
_aSilver Spring, Maryland : _bBright Shores Publishing, _c2015. |
||
| 300 |
_a208 páginas ; _c23 centímetros. |
||
| 336 |
_text _2rdacontent |
||
| 337 |
_unmediated _2rdamedia |
||
| 338 |
_volume _2rdacarrier |
||
| 505 | 0 | _aSame book - different answers? -- Is ordination biblical? -- Some notable women in the Bible -- The husband of one wife...really? -- Must women keep silent in church? -- The headless horseman rides again -- But what about Ellen White? -- A "woman ministry" -- What we can learn from Acts 15 -- Does the Bible support women's ordination? -- More questions and answers. APPENDICES: Consensus statement on a Seventh-day Adventist theology of ordination -- English Bible translations of 1 Timothy 3:2 -- Similarities between 1 Timothy and Titus -- Reply on behalf of W. C. White regarding Ellen G. White's credentials -- Women licensed as Adventist ministers, 1869-1975 -- Theology of ordination: position no. 1 -- Why thethird option is not an option -- Sumary of theology of ordination study committee presentations: looking at all sides of the issue. | |
| 526 | _aSEG42 | ||
| 526 | _aSEG41 | ||
| 526 | _aSEG40 | ||
| 526 | _aSEG39 | ||
| 526 | _aP94 | ||
| 526 | _aP87 | ||
| 526 | _aP86 | ||
| 526 | _aP85 | ||
| 526 | _aP77 | ||
| 526 | _aP76 | ||
| 526 | _aP35 | ||
| 942 |
_2ddc _cBOOK |
||
| 949 |
_aBV676 .W34 2015 _wLC _c1 _iCW00105 _lCIW _mBUL _p00.00 _r1 _sY _tBOOK _u2017-02-01 _xWHITE _zUNKNOWN _0COMPRA _o.STAFF. Centro White |
||
| 596 | _a1 4 | ||
| 999 |
_a262 W16 _wDEWEY _c12499 _i74500 _f2021-11-10 _g5 _lCCODEBUL1 _mBUL _r0 _sY _tBOOK _u2016-9-21 _xTEOLOGIA _PP35 _0COMPRA _o.STAFF. Colección TEOLOGIA _d12499 |
||
| 999 |
_a262 W16 _wDEWEY _c2 _i74501 _f2021-11-10 _g5 _lCCODEBUL1 _mBUL _r0 _sY _tBOOK _u2016-9-21 _xTEOLOGIA _PP35 _0COMPRA _o.STAFF. Colección TEOLOGIA |
||
| 999 |
_a262.146732 W16 2015 _wDEWEY _c1 _iCW00105 _f2021-12-22 _g2 _lCCODECWL1 _mBWL _r0 _sY _tBOOK _u2017-2-1 _xWHITE _zUNKNOWN _0COMPRA _o.STAFF. Centro White |
||
| 980 |
_81 _gALBERTO SANCHEZ Responsable de Automatización |
||